|
|
|
|
| LEADER |
00853cam a2200205 7i4500 |
| 001 |
0000043178 |
| 005 |
20170823090000.0 |
| 020 |
|
|
|a 9780470952382 (pbk.)
|
| 090 |
0 |
0 |
|a LC4717
|b .F73 2011
|
| 100 |
1 |
|
|a Frankel, Fred
|
| 245 |
1 |
0 |
|a Social skills success for students with autism/Asperger's :
|b helping adolescents on the spectrum to fit in
|c Fred Frankel, Jeffrey J. Wood.
|
| 260 |
|
|
|a San Francisco, CA:
|b Jossey-Bass,
|c 2011.
|
| 300 |
|
|
|a xi, 244 p.:
|b ill.;
|c 24 cm.
|
| 490 |
0 |
|
|a Jossey-Bass teacher
|
| 650 |
0 |
0 |
|a Social skills in adolescence
|
| 650 |
0 |
0 |
|a Youth with autism spectrum disorders --
|x Behavior modification
|
| 650 |
0 |
0 |
|a Youth with autism spectrum disorders --
|x Education
|
| 700 |
1 |
|
|a Wood, Jeffrey J
|
| 997 |
|
|
|a Education & Social Sciences, Faculty
|b Education, Department
|
| 999 |
|
|
|a 0000056003
|b BOK
|c OPEN SHELF
|e 1st Floor, Bestari Jaya
|